000
00254nam a2200097Ia 4500
001
680004
005
20250826161333.0
008
250824s9999 xx 000 0 und d
245
0
_a
ÖYKÜ ÖYKÜ GEZEN KEDİ
_c
ZEYNEP CEMALİ
260
_b
GÜNIŞIĞI YAYINLARI
999
_c
680004
_d
680004